Migración y estructura ocupacional en ura región petrolera /
Uloženo v:
| Hlavní autor: | |
|---|---|
| Další autoři: | |
| Médium: | Text |
| Témata: | |
| Tagy: |
Přidat tag
Žádné tagy, Buďte první, kdo vytvoří štítek k tomuto záznamu!
|
MARC
| LEADER | 00000 a a2200000 04500 | ||
|---|---|---|---|
| 001 | 44368 | ||
| 003 | |||
| 040 | |||
| 100 | |a Allub, Leopoldo | ||
| 245 | |a Migración y estructura ocupacional en ura región petrolera / |c Leopoldo Allub ; Marco A Michel | ||
| 650 | |a MIGRACION | ||
| 650 | |a PETROLEO | ||
| 650 | |a OCUPACIONES | ||
| 650 | |a EDUCACION | ||
| 650 | |a INGRESO | ||
| 650 | |a MEXICO | ||
| 700 | |a Michel, Marco A | ||
| 773 | |g volumen44, número1 ( , 1982), Páginas 151-166 | ||
| 999 | |c 33389 |d 33389 | ||
